| 000 | 00554nmm a22001817a 4500 | ||
|---|---|---|---|
| 005 | 20140113100739.0 | ||
| 008 | 140113b2013 ck ||||| |||| 00| 0 spa d | ||
| 041 | _aspa | ||
| 044 | _ack | ||
| 090 |
_aLB _bLB-05886 |
||
| 110 |
_aInstituto Geográfico Agustín Codazzi _91914 |
||
| 245 | _aInforme de Gestión 2012 | ||
| 250 |
_aJefe de oficina : _bAsesora de planeación |
||
| 260 |
_as.l. _bInstituto Geográfico Agustín Codazzi _c2013 |
||
| 300 |
_a138 p., _bil., mapas, tablas, gráficas, _c13 cm. |
||
| 505 | _aIncluye contenido | ||
| 942 |
_2z _cCD-ROM |
||
| 999 |
_c8090 _d8090 |
||